कृति आकृति : (Record no. 118633)

MARC details
000 -LEADER
fixed length control field 01220nam a22002777a 4500
003 - CONTROL NUMBER IDENTIFIER
control field dpl
005 - DATE AND TIME OF LATEST TRANSACTION
control field 20190226131558.0
008 - FIXED-LENGTH DATA ELEMENTS--GENERAL INFORMATION
fixed length control field 190226b ||||| |||| 00| 0 eng d
010 ## - LIBRARY OF CONGRESS CONTROL NUMBER
LC control number B-075597
020 ## - INTERNATIONAL STANDARD BOOK NUMBER
Terms of availability 225.00
International Standard Book Number 8170370213
035 ## - SYSTEM CONTROL NUMBER
System control number B-075597, B-110648
037 ## - SOURCE OF ACQUISITION
Source of stock number/acquisition Cen Lib/Ret
040 ## - CATALOGING SOURCE
Original cataloging agency DPL
Language of cataloging HN
Transcribing agency 0
082 ## - DEWEY DECIMAL CLASSIFICATION NUMBER
Classification number 822.08
Item number जोशीज्यो
100 ## - MAIN ENTRY--PERSONAL NAME
Personal name जोशी, ज्योतिष
9 (RLIN) 81217
245 ## - TITLE STATEMENT
Title कृति आकृति :
Statement of responsibility, etc ज्योतिष जोशी
Remainder of title ललित कला और नाटक रंगमंच पर अनुशीलन /
246 ## - VARYING FORM OF TITLE
Title proper/short title Kriti akriti : lalit kala aur natak angmanch par anusheelan /
Remainder of title by Jyotish Joshi /
260 ## - PUBLICATION, DISTRIBUTION, ETC. (IMPRINT)
Place of publication, distribution, etc नयी दिल्ली
Name of publisher, distributor, etc पूर्वोदय प्रकशन
Date of publication, distribution, etc 2002
270 ## - ADDRESS
City नयी दिल्ली
Address 7/8, दरियागंज
Postal code 110002
300 ## - PHYSICAL DESCRIPTION
Extent 175पृ.
Dimensions 20सेमी(सजिल्द )
650 ## - SUBJECT ADDED ENTRY--TOPICAL TERM
Topical term or geographic name as entry element साहित्य--नाटक
General subdivision
Geographic subdivision
9 (RLIN) 81218
650 ## - SUBJECT ADDED ENTRY--TOPICAL TERM
Topical term or geographic name as entry element हिंदी--नाटक
9 (RLIN) 81219
650 ## - SUBJECT ADDED ENTRY--TOPICAL TERM
Topical term or geographic name as entry element Literature -drama
9 (RLIN) 81220
650 ## - SUBJECT ADDED ENTRY--TOPICAL TERM
Topical term or geographic name as entry element Hindi --drama
9 (RLIN) 81221
942 ## - ADDED ENTRY ELEMENTS (KOHA)
Source of classification or shelving scheme Dewey Decimal Classification
Koha item type Hindi Books
Classification part 822.08
Call number suffix जोशीज्यो
Holdings
Withdrawn status Lost status Damaged status Not for loan Home library Current library Date acquired Source of acquisition Cost, normal purchase price Total Checkouts Full call number Barcode Date last seen Copy number Cost, replacement price Price effective from Koha item type Source of classification or shelving scheme Collection code
        Central Library Central Library 12/09/2015 Cen Lib/Ref 225.00   822.08 जोशीज्यो B-075597 12/09/2015 1 225.00 12/09/2015 Hindi Books    
        Shahdara Branch Shahdara Branch 26/02/2019 BPPD/PUB 225.00   822.08 जोशीज्यो B-110648 26/02/2019   225.00 26/02/2019 Hindi Books Dewey Decimal Classification Non-fiction

© Delhi Public Library
Hit Counter
free hit counter